| 000 | 00962cam a22003014a 4500 | ||
|---|---|---|---|
| 001 | 15907512 | ||
| 005 | 20180228034403.0 | ||
| 008 | 090915s2010 enk b 001 0 eng | ||
| 010 | _a 2009037721 | ||
| 016 | 7 |
_a101515165 _2DNLM |
|
| 020 | _a9780195398861 (cloth : alk. paper) | ||
| 020 | _a0195398866 (cloth : alk. paper) | ||
| 035 | _a(OCoLC)ocn436968430 | ||
| 040 |
_aDNLM/DLC _cDLC _dNLM _dC#P _dYDXCP _dBWX _dDLC |
||
| 041 | _aeng | ||
| 042 | _apcc | ||
| 060 | 0 | 0 | _a2010 D-766 |
| 060 | 1 | 0 |
_a616.89075 C _bC793c 2010 |
| 080 | _a616.89075 C | ||
| 082 | 0 | 0 |
_a616.89075 COR _222 |
| 100 | 1 | _a7 | |
| 101 | _aNEU | ||
| 245 | 1 | 0 |
_aClinical assessment and diagnosis in social work practice / _cJacqueline Corcoran, Joseph Walsh. |
| 504 | _aIncludes bibliographical references and index. | ||
| 906 |
_a7 _bcbc _corignew _d1 _eecip _f20 _gy-gencatlg |
||
| 942 |
_2ddc _cBK |
||
| 999 |
_c43677 _d43677 |
||